| 000 | 00415 a2200133 4500 | ||
|---|---|---|---|
| 040 |
_aDLC _bDLC |
||
| 082 | _a297.122521 | ||
| 100 |
_aMoududi, S. Abul-ul-Allah _991533 |
||
| 245 |
_aTafheem-ul-Quran (Vol III) _cS. Abul-ul-Allah Moududi _h[Urdu] |
||
| 260 |
_aLahore: _bIdara Tarjaman-ul-Quran, _c2004. |
||
| 300 |
_a824 p. ; _c26 cm. |
||
| 650 |
_aQuran (Surahs) -- Commentaries _991534 |
||
| 942 |
_cBK _k297.122521 MOD _2ddc |
||
| 999 |
_c7314 _d7314 |
||